| 000 | 00367nam a2200157Ia 4500 | ||
|---|---|---|---|
| 003 | OSt | ||
| 005 | 20231214170908.0 | ||
| 008 | 230525s9999 xx 000 0 und d | ||
| 082 |
_a616.865 _bTARH |
||
| 100 | _aTARGET,George | ||
| 245 | 0 | _aHow to stop smoking | |
| 260 |
_aDelhi _bSudha Publ. _c1987 |
||
| 300 | _a103 | ||
| 650 | _aSurgery/Medical | ||
| 942 |
_cBK _2ddc |
||
| 999 |
_c2968 _d2968 |
||